That makes me angry! / (Record no. 5856)

MARC details
000 -LEADER
fixed length control field 00931nam a22003017a 4500
001 - CONTROL NUMBER
control field 5856
003 - CONTROL NUMBER IDENTIFIER
control field FISKH
005 - DATE AND TIME OF LATEST TRANSACTION
control field 20250206105348.0
008 - FIXED-LENGTH DATA ELEMENTS--GENERAL INFORMATION
fixed length control field 250127b cb ||||| |||| 00| 0 eng d
020 ## - INTERNATIONAL STANDARD BOOK NUMBER
International Standard Book Number 033500544125
040 ## - CATALOGING SOURCE
Original cataloging agency FISKH
Language of cataloging eng
Transcribing agency FISKH
Modifying agency FISKH
050 ## - LIBRARY OF CONGRESS CALL NUMBER
Classification number PZ7.B4657
082 ## - DEWEY DECIMAL CLASSIFICATION NUMBER
Classification number 152.4
100 ## - MAIN ENTRY--PERSONAL NAME
Personal name Best, Anthony
245 ## - TITLE STATEMENT
Title That makes me angry! /
Statement of responsibility, etc. By Anthony ; Best Illustrated by Tom Cooke
250 ## - EDITION STATEMENT
Edition statement This edition published in 1989
260 ## - PUBLICATION, DISTRIBUTION, ETC.
Place of publication, distribution, etc. New York :
Name of publisher, distributor, etc. A Golden Book,
Date of publication, distribution, etc. 1989.
300 ## - PHYSICAL DESCRIPTION
Extent 24 pages :
Other physical details color illustrations ;
Dimensions 21 cm
505 ## - FORMATTED CONTENTS NOTE
Formatted contents note G<br/>
520 ## - SUMMARY, ETC.
Summary, etc. Angry with each other, Bert and Ernie soon make up when they discover they have had a ridiculous misunderstanding.
521 8# - TARGET AUDIENCE NOTE
Target audience note 360<br/>
Source Lexile<br/>
521 8# - TARGET AUDIENCE NOTE
Target audience note G<br/>
Source Raz-Plus<br/>
650 ## - SUBJECT ADDED ENTRY--TOPICAL TERM
Source of heading or term Anger
Topical term or geographic name entry element Emotions
650 ## - SUBJECT ADDED ENTRY--TOPICAL TERM
Source of heading or term Sesame Street
Topical term or geographic name entry element Feelings
700 ## - ADDED ENTRY--PERSONAL NAME
Personal name Cooke, Tom
Dates associated with a name illustrator
942 ## - ADDED ENTRY ELEMENTS (KOHA)
Source of classification or shelving scheme Dewey Decimal Classification
Koha item type Books
Suppress in OPAC No
Holdings
Withdrawn status Lost status Source of classification or shelving scheme Damaged status Not for loan Collection Home library Current library Shelving location Date acquired Total Checkouts Full call number Barcode Date last seen Copy number Price effective from Koha item type
    Dewey Decimal Classification     Juvenile Fiction Footprints International School Library Network Toul Kork Campus Footprints International School Library Network Toul Kork Campus TK Primary Library Room(4th Floor), Bookcase 7, Shelves 57-60, Dark Green Books 01/27/2025   BES 152.4 PZ7.B4657 2025-0096 01/27/2025 1 01/27/2025 Books